Indian Football Champions by Logo ISL - Statistics

General Stats
  • This quiz has been taken 9 times
  • The average score is 6 of 16
Answer Stats
Picture Answer % Correct
Hyderabad FC
75%
Mumbai City
75%
East Bengal
63%
Mohun Bagan
63%
Bengaluru
50%
Chennai City
50%
Chennaiyin
50%
ATK
38%
Gokulam Kerala
38%
Dempo
25%
Salgaocar
25%
Aizawl FC
13%
Churchill Brothers
13%
JCT
13%
Mahindra United
13%
Minerva Academy
13%
No matching quizzes found
Score Distribution
Percent of People with Each Score
Percentile by Number Answered
Your Score History
You have not taken this quiz